| 000 | 00611nam a22001697a 4500 | ||
|---|---|---|---|
| 010 | _aENG-142608 | ||
| 020 |
_a9789361599712 _c599.00 |
||
| 035 | _aEN-126140 | ||
| 037 | _bDBAD | ||
| 082 | _a658.1571 | ||
| 100 |
_aCHUGH, AMAN _973960 |
||
| 245 |
_aFinancial Management/ _cAman Chugh |
||
| 260 |
_aNoida _bPearson India Education Services Pvt. ltd _c2025 |
||
| 270 |
_a1st Floor, Berger Tower, plot no. C-001A/2, Sector 16B, Noida- 201 301, Uttar pradesh, India _bNoida _e201301 _mcompanysecretary.india@pearson.com |
||
| 300 |
_a421p: _c25cm(PB) |
||
| 942 |
_2ddc _cEN _eFirst _h658.1571 _mCHU |
||
| 999 |
_c206965 _d206965 |
||